Connecting the dots: (Record no. 179984)

MARC details
000 -LEADER
fixed length control field 00662nam a22002057a 4500
005 - DATE AND TIME OF LATEST TRANSACTION
control field 20210720115652.0
010 ## - LCCN (DPL NO)
LC control number B-740629
020 ## - INTERNATIONAL STANDARD BOOK NUMBER
International Standard Book Number 9780316486545
Terms of availability 1049.00
035 ## - SYSTEM CONTROL NUMBER
System control number B-740629
037 ## - SOURCE OF ACQUISITION
Source of stock number/acquisition Gift
082 ## - DEWEY DECIMAL CLASSIFICATION NUMBER
Classification number 658.4092
100 ## - MAIN ENTRY--PERSONAL NAME
Personal name Chambers, John
245 ## - TITLE STATEMENT
Title Connecting the dots:
Remainder of title lessons for leadership in a startup world /
Statement of responsibility, etc by John Chambers
260 ## - PUBLICATION, DISTRIBUTION, ETC. (IMPRINT)
Place of publication, distribution, etc New York
Name of publisher, distributor, etc Hachette Books
Date of publication, distribution, etc 2018
270 ## - ADDRESS
Address 1290 Avenue of the Americas
City New York
300 ## - PHYSICAL DESCRIPTION
Extent xiii, 306p.
Dimensions 23cm(Hb)
500 ## - GENERAL NOTE
General note includes index
942 ## - ADDED ENTRY ELEMENTS (KOHA)
Source of classification or shelving scheme Dewey Decimal Classification
Item type English Books
Call number suffix CHA
Classification part 658.4092
Holdings
Withdrawn status Lost status Not for loan Collection code Home library Current library Date acquired Source of acquisition Cost, normal purchase price Full call number Barcode Copy number Cost, replacement price Koha item type Public note
      Non-fiction Central Library Central Library 20/07/2021 Gift/Eng/07-07-2021 1049.00 658.4092 CHA B-740629 1 1049.00 English Books Gift

© Delhi Public Library
Hit Counter
free hit counter